Will & Grace Guest Actors - Statistics

General Stats
  • This quiz has been taken 29 times
  • The average score is 12 of 16
Answer Stats
Picture Answer % Correct
Cher
97%
Jennifer Lopez
97%
Matt Damon
97%
Britney Spears
93%
Alec Baldwin
90%
Woody Harrelson
90%
John Cleese
86%
Michael Douglas
86%
Minnie Driver
86%
David Schwimmer
83%
Jeff Goldblum
76%
Taye Diggs
62%
Will Arnett
48%
Parker Posey
45%
Bobby Cannavale
41%
Ben Platt
31%
No matching quizzes found
Score Distribution
Percent of People with Each Score
Percentile by Number Answered
Your Score History
You have not taken this quiz